000 00625nam a2200217 a 4500
001 913
003 CO-ViMGA
008 141112s2004 ck r 000 u spa d
020 _a9580425159
040 _aCO-ViMGA
_bspa
_cCO-ViMGA
082 0 4 _aCo863.44 G172cr
100 1 _aGarcía Márquez, Gabriel
245 1 0 _aCrónica de una muerte anunciada
260 _aSantafé de Bogotá :
_bNorma,
_c1996
300 _a104, 78 p
490 _aCara y cruz
500 _aEncuadernado con A propósito de Gabriel García Márquez y su obra.
590 _aEjemplares : 2
650 1 4 _aNOVELA COLOMBIANA
_91193
942 _2ddc
_cBK
999 _c13140
_d13140